Révisions 1er RPIMa - Statistiques

Statistiques générales
  • Ce quiz a été pris 31 fois
  • Le résultat moyen est 14 sur 28
Statistiques - réponses
Question Réponse % Correct
Il est localisé à Bayonne
82%
Le 1er a été fondé en 1940
73%
Il devient le 1er RPIMa en 1960
73%
Il est composé de _ compagnies 6
73%
Compagnie 3eme dimension
55%
Les effectifs sont de _ personnels 905
55%
Compagnie instruction
55%
Compagnie PATSAS
55%
Puis Ardennes 1945
45%
Il est dirigé par le Colonel Cedric Lavisse
45%
Il dépend du CEMAT
45%
Compagnie Commandement et logistique
45%
Le drapeau des SAS est le plus _ de la 2nd GM décoré
45%
Puis France 1944
45%
Par George Bergé
45%
Puis Indochine 1946-1954
45%
Et enfin Koweit 1990-1991
45%
Puis Libye 1942
45%
Compagnie Milieux extremes
45%
Compagnie Milieux urbains
45%
Puis Pays bas 1945
45%
Puis Tunisie 1943
45%
Il s'appelait alors (_ere _ d' de l'_ 1 compagnie infanterie de l'air
36%
Puis du COM FST
36%
Il y figure des opération telles que Crète 1942
36%
Et est affecté en 1973 aux Missions spéciales
36%
Nommé Pierre Schill
36%
Histoire maintenant, en 1960 création du _ _du 1er RPIMa Centre d'instruction
27%
Aucun quiz correspondant
Distribution des résultats
% des personnes avec chaque résultat
Percentile par nombre de réponses
Votre historique - résultats
Vous n’avez pas pris ce quiz